Andrei Tarkovsky : elements of cinema /

Bibliographic Details
Main Author: Bird, Robert, 1969-2020
Format: Book
Language:English
Published: London : Reaktion, 2008.
Subjects:

MARC

Tag First Indicator Second Indicator Subfields
LEADER 00000cam a2200000 a 4500
001 in00002374113
005 20210320063440.0
008 070510s2008 enka bq 001 0 eng
015 |a GBA737525  |2 bnb 
016 7 |a 013746687  |2 Uk 
020 |a 9781861893420 (pbk.) 
020 |a 1861893426 (pbk.) 
035 |a (OCoLC)ocn132314789 
035 |a (OCoLC)132314789 
040 |a UKM  |c UKM  |d BAKER  |d BTCTA  |d YDXCP  |d BWKUK  |d BWK  |d UtOrBLW 
049 |a TXAM 
050 4 |a PN1998.3.T36  |b B57 2008 
082 0 4 |a 791.430233092  |2 22 
100 1 |a Bird, Robert,  |d 1969-2020. 
245 1 0 |a Andrei Tarkovsky :  |b elements of cinema /  |c Robert Bird. 
264 1 |a London :  |b Reaktion,  |c 2008. 
300 |a 255 pages :  |b illustrations (some color) ;  |c 20 cm. 
336 |a text  |b txt  |2 rdacontent 
337 |a unmediated  |b n  |2 rdamedia 
338 |a volume  |b nc  |2 rdacarrier 
504 |a Includes bibliographical references (pages 245-248) and index. 
504 |a Includes filmography. 
600 1 0 |a Tarkovskiĭ, Andreĭ Arsenʹevich,  |d 1932-1986  |x Criticism and interpretation. 
650 0 |a Motion picture producers and directors  |z Soviet Union  |v Biography. 
938 |a Baker & Taylor  |b BKTY  |c 25.00  |d 25.00  |i 1861893426  |n 0007226653  |s active 
938 |a Baker and Taylor  |b BTCP  |n BK0007226653 
938 |a YBP Library Services  |b YANK  |n 100472310 
938 |a Blackwell Book Service UK  |b BBUK  |n L8780350  |c 15.95 
945 |a PromptCat  |b 409504 
946 |a stk 
947 |a A14836767580 
994 |a 92  |b TXA 
948 |a cataloged  |b h  |c 2008/5/16  |d c  |e blrosas  |f 8:50:28 am 
999 |a MARS 
999 f f |s 4b728cce-56e7-3416-89f7-afb689c23277  |i 0ab1633a-cc42-3a70-9a0f-befc438a6e93  |t 0 
952 f f |p normal  |a Texas A&M University  |b College Station  |c Sterling C. Evans Library  |d Evans: Library Stacks  |t 0  |e PN1998.3.T36 B57 2008  |h Library of Congress classification  |i unmediated -- volume  |m A14836767580 
998 f f |a PN1998.3.T36 B57 2008  |t 0  |l Evans: Library Stacks